Logo BPK

Bibliografia Prac Pracowników

Politechniki Koszalińskiej

Prędkość kątowa ślimakowa układów tnących wilków do mięsa / (Rekord nr 6529)

Szczegóły MARC
000 -ETYKIETA REKORDU
podpole kontrolne o stałej długości 00923nab a2200229 i 4500
001 - NUMER KONTROLNY REKORDU
podpole kontrolne BPP
003 - IDENTYFIKATOR NUMERU KONTROLNEGO REKORDU
podpole kontrolne BPK
005 - DATA OSTATNIEJ MODYFIKACJI REKORDU
podpole kontrolne 20160107122525.0
008 - POLE O STAŁEJ DŁUGOŚCI - DANE KONTROLNE
podpole kontrolne o stałej długości 140614s1987 pl f |000 0
040 ## - ŹRÓDŁO KATALOGOWANIA
Instytucja, która utworzyła rekord BPK
080 ## - UNIWERSALNA KLASYFIKACJA DZIESIĘTNA - UKD
UKD 664
080 ## - UNIWERSALNA KLASYFIKACJA DZIESIĘTNA - UKD
UKD 62-1/-8.
100 ## - NAZWA OSOBOWA
Nazwa osobowa DIAKUN, Jarosław.
Lata pracy 1975 -1996.
Instytucja Wyższa Szkoła Inżynierska w Koszalinie - Wydział Mechaniczny,
Wydział Zakład Maszyn Przemysłu Spożywczego
245 ## - TYTUŁ/ODPOWIEDZIALNOŚĆ
Tytuł Prędkość kątowa ślimakowa układów tnących wilków do mięsa /
Pozostałe elementy strefy tytułu i oznaczenia odpowiedzialności Jarosław Diakun, Jerzy Milanowski.
260 ## - STREFA ADRESU WYDAWNICZEGO
Data publikacji, dystrybucji/powstania dokumentu 1987.
500 ## - UWAGI OGÓLNE
Tekst uwagi Dane z kartoteki bpp.
650 #0 - HASŁO PRZEDMIOTOWE W FORMIE NAZWY OGÓLNEJ LUB JEDNOSTKOWEJ
Nazwa ogólna lub geograficzna Przemysł mięsny.
650 #0 - HASŁO PRZEDMIOTOWE W FORMIE NAZWY OGÓLNEJ LUB JEDNOSTKOWEJ
Nazwa ogólna lub geograficzna Maszyny.
773 ## - TYTUŁ DOKUMENTU MACIERZYSTEGO
Wyrażenie wprowadzające W :
Tytuł Zeszyty Problemowe Postępów Nauk Rolniczych. -
Informacje dotyczące relacji 1987, nr 328, s. 9-16
700 ## - HASŁO DODATKOWE - NAZWA OSOBOWA
Nazwa osobowa MILANOWSKI, Jerzy.
Lata pracy 1974 - 1993.
Instytucja Wyższa Szkoła Inżynierska w Koszalinie - Wydział Mechaniczny,
Wydział Zakład Maszyn Przemysłu Spożywczego
942 ## - HASŁO DODATKOWE - ELEMENTY(KOHA)
Typ dokumentu Artykuł
Schemat klasyfikacji Uniwersalna klasyfikacja dziesiętna

Brak dostępnych egzemplarzy.

© 2014 Biblioteka Politechniki Koszalińskiej :: BIBLIOGRAFIA PRAC PRACOWNIKÓW